Združenia podnikov bakalárska práca

Uložené v:
Podrobná bibliografia
Hlavný autor: Kádašiová, Mária
Korporativný autor: Fakulta podnikového manažmentu EU. Katedra podnikovohospodárska
Ďalší autori: Hrušovská, Dana, 1964-
Médium: Kniha
Jazyk:Slovak
Vydavateľské údaje: Bratislava 2009
Tagy: Pridať tag
Žiadne tagy, Buďte prvý, kto otaguje tento záznam!

MARC

LEADER 00000nam$a2200000$$$4500
001 0101979
005 20240319130347.4
041 0 |a slo 
044 |a SK 
245 1 0 |a Združenia podnikov  |b bakalárska práca  |c Mária Kádašiová ; škol. Dana Hrušovská 
264 1 |a Bratislava  |c 2009 
300 |a 38 s. 
100 1 |a Kádašiová, Mária 
700 1 |a Hrušovská, Dana, 1964- 
710 2 |a Fakulta podnikového manažmentu EU. Katedra podnikovohospodárska